Statistics for Women NOT OK at work

Click here to take the quiz!

General Stats

  • This quiz has been taken 30 times
  • The average score is 17 of 25

Answer Stats

% of males say "stay home!"Country% Correct
38Iran
100%
53Iraq
97%
37Syria
90%
53Yemen
83%
45Algeria
79%
48Egypt
79%
37Qatar
79%
52Libya
76%
73Pakistan
76%
51Afghanistan
72%
37Indonesia
72%
31Morocco
72%
33Niger
69%
38Jordan
66%
47Kuwait
66%
57Bangladesh
62%
30Mali
62%
32Uzbekistan
59%
29Tajikistan
55%
33Myanmar
52%
33Sri Lanka
52%
34Turkmenistan
52%
31Azerbaijan
41%
33Maldives
38%
33Bhutan
34%

Score Distribution

Percentile by Number Answered

Percent of People with Each Score

Your Score History

You have not taken this quiz